| 000 | 00484nam a22001817a 4500 | ||
|---|---|---|---|
| 005 | 20150729105619.0 | ||
| 010 | _aENG-113155 | ||
| 020 | _c300.00 | ||
| 035 | _aEN-96687 | ||
| 037 | _bDBAD/PUB | ||
| 082 | _a954.08 | ||
| 100 | _aPalit, Chittabrata | ||
| 245 |
_aColonial India / _cby Chittabrata Palit |
||
| 260 |
_bRachayita _c2010 _aKolkata |
||
| 270 |
_bKolkata _e700075 _a59/5, Garfa Main Road |
||
| 300 |
_a344p. _c22cm(pbk) |
||
| 942 |
_2ddc _cEN _mPAL _h954.08 |
||
| 999 |
_c93806 _d93806 |
||